[Event "World Chess Olympiad 2018"]
[Site "Batumi"]
[Date "2018.09.30"]
[Round "6"]
[Board "4"]
[WhiteFideId "12404675"]
[White "Nguyen Anh Khoi"]
[BlackFideId "13604597"]
[Black "Beradze Irakli"]
[Result "1/2-1/2"]
[LiveChessVersion "1.4.8"]
[BlackElo "2495"]
[WhiteElo "2463"]

1. d4 {[%clk 1:30:51]} Nf6 {[%clk 1:30:43]} 2. c4 {[%clk 1:31:11]} c6
{[%clk 1:31:08]} 3. Nc3 {[%clk 1:31:16]} d5 {[%clk 1:31:32]} 4. Nf3
{[%clk 1:31:36]} dxc4 {[%clk 1:31:42]} 5. a4 {[%clk 1:31:59]} e6 {[%clk 1:31:49]}
6. e3 {[%clk 1:31:24]} c5 {[%clk 1:31:20]} 7. Bxc4 {[%clk 1:24:44]} Nc6
{[%clk 1:30:50]} 8. O-O {[%clk 1:24:57]} cxd4 {[%clk 1:30:29]} 9. exd4
{[%clk 1:24:09]} Be7 {[%clk 1:30:35]} 10. Qe2 {[%clk 1:23:53]} O-O
{[%clk 1:30:39]} 11. Rd1 {[%clk 1:24:11]} Nb4 {[%clk 1:30:27]} 12. Bg5
{[%clk 1:24:18]} h6 {[%clk 1:30:07]} 13. Bxf6 {[%clk 1:24:40]} Bxf6
{[%clk 1:30:31]} 14. Ne4 {[%clk 1:22:30]} b6 {[%clk 1:23:51]} 15. Ne5
{[%clk 1:22:47]} Bh4 {[%clk 1:20:50]} 16. Ra3 {[%clk 1:17:33]} Bb7
{[%clk 1:17:28]} 17. Rh3 {[%clk 1:08:31]} Nd5 {[%clk 1:01:55]} 18. Qd2
{[%clk 0:44:53]} Rc8 {[%clk 0:51:10]} 19. Ba2 {[%clk 0:35:18]} Bg5
{[%clk 0:43:16]} 20. Qe1 {[%clk 0:34:14]} Nf4 {[%clk 0:40:18]} 21. Rc3
{[%clk 0:31:58]} Be7 {[%clk 0:18:09]} 22. Rf3 {[%clk 0:23:07]} Nd5
{[%clk 0:17:45]} 23. Bb1 {[%clk 0:16:04]} Bb4 {[%clk 0:14:38]} 24. Qe2
{[%clk 0:13:54]} f5 {[%clk 0:12:05]} 25. Nd2 {[%clk 0:09:16]} Qe8
{[%clk 0:05:10]} 26. Rg3 {[%clk 0:04:13]} Qxa4 {[%clk 0:04:58]} 27. Nd3
{[%clk 0:02:18]} Kh8 {[%clk 0:03:25]} 28. Nf3 {[%clk 0:02:00]} Ba6
{[%clk 0:02:55]} 29. Nfe5 {[%clk 0:01:39]} Nf4 {[%clk 0:02:36]} 30. Ng6+
{[%clk 0:01:33]} Nxg6 {[%clk 0:02:49]} 31. Rxg6 {[%clk 0:02:02]} Rfe8
{[%clk 0:00:55]} 32. Qh5 {[%clk 0:01:29]} Bd2 {[%clk 0:00:44]} 33. Rxd2
{[%clk 0:01:04]} Qxd4 {[%clk 0:00:34]} 34. h3 {[%clk 0:00:45]} Bxd3
{[%clk 0:00:31]} 35. Rxd3 {[%clk 0:00:44]} Qf4 {[%clk 0:00:33]} 36. Rdg3
{[%clk 0:00:41]} Re7 {[%clk 0:00:36]} 37. Ba2 {[%clk 0:00:48]} Rc1+
{[%clk 0:00:40]} 38. Kh2 {[%clk 0:01:18]} Re1 {[%clk 0:01:06]} 39. Rxe6
{[%clk 0:00:45]} R1xe6 {[%clk 0:01:06]} 40. Bxe6 {[%clk 0:31:10]} Rxe6
{[%clk 0:31:26]} 41. Qf7 {[%clk 0:26:47]} Qe5 {[%clk 0:30:30]} 42. f4
{[%clk 0:24:39]} Qf6 {[%clk 0:30:35]} 43. Rxg7 {[%clk 0:23:27]} Qxf7
{[%clk 0:19:37]} 44. Rxf7 {[%clk 0:23:25]} Re2 {[%clk 0:19:54]} 45. Rxa7
{[%clk 0:22:06]} Rxb2 {[%clk 0:20:08]} 46. Rf7 {[%clk 0:15:34]} Rb5
{[%clk 0:20:32]} 47. Kg3 {[%clk 0:15:45]} Kg8 {[%clk 0:20:42]} 48. Rd7
{[%clk 0:15:00]} Rc5 {[%clk 0:17:57]} 49. Rd6 {[%clk 0:13:45]} Kg7
{[%clk 0:18:21]} 50. Rxb6 {[%clk 0:14:09]} Rc4 {[%clk 0:18:24]} 51. Rb3
{[%clk 0:10:36]} Kg6 {[%clk 0:18:46]} 52. Rb6+ {[%clk 0:10:35]} Kg7
{[%clk 0:18:28]} 53. Ra6 {[%clk 0:10:43]} Rb4 {[%clk 0:18:43]} 54. Rd6
{[%clk 0:08:31]} Rb2 {[%clk 0:17:15]} 55. Re6 {[%clk 0:08:26]} Ra2
{[%clk 0:15:56]} 56. Kf3 {[%clk 0:08:23]} h5 {[%clk 0:10:50]} 57. Re2
{[%clk 0:06:23]} Ra3+ {[%clk 0:10:21]} 58. Re3 {[%clk 0:06:50]} Ra2
{[%clk 0:10:46]} 59. h4 {[%clk 0:06:19]} Ra1 {[%clk 0:09:10]} 60. Rb3
{[%clk 0:06:13]} Rh1 {[%clk 0:08:49]} 61. Kg3 {[%clk 0:06:13]} Rf1
{[%clk 0:08:48]} 62. Rf3 {[%clk 0:06:11]} Rh1 {[%clk 0:09:06]} 63. Rf2
{[%clk 0:06:18]} Kg6 {[%clk 0:09:15]} 64. Ra2 {[%clk 0:05:56]} Rf1
{[%clk 0:09:04]} 65. Ra4 {[%clk 0:05:39]} Rh1 {[%clk 0:09:18]} 1/2-1/2

[Event "World Chess Olympiad 2018"]
[Site "Batumi"]
[Date "2018.09.30"]
[Round "6"]
[Board "1"]
[WhiteFideId "10200444"]
[White "Mollah Abdullah Al Rakib"]
[BlackFideId "3405400"]
[Black "Morovic Fernandez Ivan"]
[Result "1/2-1/2"]
[LiveChessVersion "1.4.8"]
[BlackElo "2501"]
[WhiteElo "2472"]

1. d4 {[%clk 1:30:55]} d5 {[%clk 1:30:32]} 2. c4 {[%clk 1:31:08]} e6
{[%clk 1:30:51]} 3. Nf3 {[%clk 1:31:21]} Nf6 {[%clk 1:31:06]} 4. Bg5
{[%clk 1:30:23]} Be7 {[%clk 1:30:08]} 5. Nc3 {[%clk 1:30:38]} O-O
{[%clk 1:30:14]} 6. Qc2 {[%clk 1:29:02]} b6 {[%clk 1:25:32]} 7. Rd1
{[%clk 1:20:31]} Bb7 {[%clk 1:23:02]} 8. Bxf6 {[%clk 1:18:55]} Bxf6
{[%clk 1:22:37]} 9. cxd5 {[%clk 1:18:56]} exd5 {[%clk 1:22:10]} 10. e3
{[%clk 1:18:58]} Re8 {[%clk 1:13:04]} 11. Bd3 {[%clk 1:13:01]} g6
{[%clk 1:05:47]} 12. O-O {[%clk 1:07:35]} c6 {[%clk 1:05:16]} 13. e4
{[%clk 1:04:16]} Na6 {[%clk 1:02:46]} 14. Bxa6 {[%clk 0:44:30]} Bxa6
{[%clk 1:03:09]} 15. Rfe1 {[%clk 0:44:54]} Bb7 {[%clk 0:55:31]} 16. exd5
{[%clk 0:39:53]} cxd5 {[%clk 0:54:16]} 17. Rxe8+ {[%clk 0:36:34]} Qxe8
{[%clk 0:54:43]} 18. Re1 {[%clk 0:36:18]} Qc6 {[%clk 0:52:03]} 19. Qd2
{[%clk 0:34:13]} Re8 {[%clk 0:34:30]} 20. Rxe8+ {[%clk 0:34:15]} Qxe8
{[%clk 0:34:57]} 21. Qf4 {[%clk 0:34:31]} Kg7 {[%clk 0:30:02]} 22. h4
{[%clk 0:30:11]} h5 {[%clk 0:28:13]} 23. Ne5 {[%clk 0:23:27]} Qe6
{[%clk 0:25:33]} 24. Nd1 {[%clk 0:17:12]} Be7 {[%clk 0:22:36]} 25. Qg3
{[%clk 0:14:44]} Qf5 {[%clk 0:15:36]} 26. Ne3 {[%clk 0:13:09]} Qb1+
{[%clk 0:15:12]} 27. Kh2 {[%clk 0:13:30]} Bd6 {[%clk 0:14:51]} 28. Qf3
{[%clk 0:11:05]} f6 {[%clk 0:08:19]} 29. Qh3 {[%clk 0:11:30]} Bxe5+
{[%clk 0:08:34]} 30. dxe5 {[%clk 0:11:51]} f5 {[%clk 0:09:02]} 31. Qg3
{[%clk 0:06:54]} Qe4 {[%clk 0:08:56]} 32. f4 {[%clk 0:07:12]} d4 {[%clk 0:05:12]}
33. Qg5 {[%clk 0:05:15]} dxe3 {[%clk 0:04:32]} 34. Qe7+ {[%clk 0:05:27]} Kh6
{[%clk 0:03:49]} 35. Qg5+ {[%clk 0:05:54]} Kg7 {[%clk 0:04:14]} 36. Qe7+
{[%clk 0:06:16]} Kh6 {[%clk 0:04:40]} 37. Qg5+ {[%clk 0:06:39]} Kg7
{[%clk 0:05:05]} 1/2-1/2

[Event "World Chess Olympiad 2018"]
[Site "Batumi"]
[Date "2018.09.30"]
[Round "6"]
[Board "2"]
[WhiteFideId "3409350"]
[White "Henriquez Villagra Cristobal"]
[BlackFideId "10200037"]
[Black "Rahman Ziaur"]
[Result "1-0"]
[LiveChessVersion "1.4.8"]
[BlackElo "2477"]
[WhiteElo "2519"]

1. e4 {[%clk 1:30:57]} g6 {[%clk 1:30:38]} 2. d4 {[%clk 1:31:22]} Bg7
{[%clk 1:31:03]} 3. c4 {[%clk 1:31:48]} d6 {[%clk 1:30:51]} 4. Nc3
{[%clk 1:32:13]} Nf6 {[%clk 1:30:50]} 5. h3 {[%clk 1:32:33]} Nbd7
{[%clk 1:29:44]} 6. Be3 {[%clk 1:31:32]} e5 {[%clk 1:29:50]} 7. d5
{[%clk 1:31:21]} Nc5 {[%clk 1:28:43]} 8. Qc2 {[%clk 1:28:47]} O-O
{[%clk 1:28:31]} 9. g4 {[%clk 1:21:41]} c6 {[%clk 1:20:53]} 10. Nge2
{[%clk 1:19:34]} cxd5 {[%clk 1:19:56]} 11. cxd5 {[%clk 1:19:52]} Bd7
{[%clk 1:18:36]} 12. Ng3 {[%clk 1:20:14]} Rc8 {[%clk 1:16:28]} 13. Be2
{[%clk 0:57:08]} a6 {[%clk 1:11:39]} 14. Qd2 {[%clk 0:53:41]} Qa5
{[%clk 1:08:50]} 15. Rb1 {[%clk 0:52:41]} Na4 {[%clk 1:01:33]} 16. Nxa4
{[%clk 0:47:00]} Qxa4 {[%clk 0:57:36]} 17. b3 {[%clk 0:47:13]} Qa3
{[%clk 0:57:54]} 18. f3 {[%clk 0:43:58]} Ne8 {[%clk 0:54:39]} 19. h4
{[%clk 0:41:12]} f5 {[%clk 0:47:36]} 20. gxf5 {[%clk 0:33:31]} gxf5
{[%clk 0:47:06]} 21. Nh5 {[%clk 0:33:57]} Kh8 {[%clk 0:40:00]} 22. Nxg7
{[%clk 0:30:36]} Nxg7 {[%clk 0:39:50]} 23. h5 {[%clk 0:31:02]} Ne8
{[%clk 0:30:47]} 24. Rh4 {[%clk 0:23:13]} Bb5 {[%clk 0:24:51]} 25. h6
{[%clk 0:19:49]} fxe4 {[%clk 0:21:09]} 26. Rxe4 {[%clk 0:15:13]} Nf6
{[%clk 0:21:02]} 27. Rh4 {[%clk 0:12:53]} Rg8 {[%clk 0:18:15]} 28. Kf2
{[%clk 0:09:25]} Rgf8 {[%clk 0:04:33]} 29. Rg1 {[%clk 0:08:26]} Bxe2
{[%clk 0:04:03]} 30. Kxe2 {[%clk 0:08:45]} b5 {[%clk 0:03:24]} 31. Rg7
{[%clk 0:07:10]} a5 {[%clk 0:02:58]} 32. Ra7 {[%clk 0:02:51]} Rg8
{[%clk 0:02:52]} 33. Kf2 {[%clk 0:01:45]} Ra8 {[%clk 0:02:37]} 34. Rc7
{[%clk 0:01:42]} Rg6 {[%clk 0:02:17]} 35. Bg5 {[%clk 0:00:36]} Rag8
{[%clk 0:02:29]} 36. Bxf6+ {[%clk 0:00:56]} Rxf6 {[%clk 0:02:54]} 37. Qc2
{[%clk 0:01:21]} Rfg6 {[%clk 0:02:33]} 38. Rg4 {[%clk 0:01:48]} a4
{[%clk 0:01:22]} 39. Rxg6 {[%clk 0:01:36]} hxg6 40. h7 {[%clk 0:31:37]} Rf8
{[%clk 0:31:22]} 41. Qxg6 {[%clk 0:25:22]} Qb2+ {[%clk 0:28:55]} 42. Kg3
{[%clk 0:24:59]} e4 {[%clk 0:28:20]} 43. Rf7 {[%clk 0:24:44]} Qe5+
{[%clk 0:25:57]} 44. Kg4 {[%clk 0:21:07]} Re8 {[%clk 0:23:34]} 45. Qxe4
{[%clk 0:03:08]} axb3 {[%clk 0:21:57]} 46. axb3 {[%clk 0:01:30]} Qxe4+
{[%clk 0:12:47]} 47. fxe4 {[%clk 0:01:59]} Rxe4+ {[%clk 0:13:06]} 48. Kf5
{[%clk 0:01:43]} Re3 {[%clk 0:13:07]} 49. Rb7 {[%clk 0:00:35]} b4
{[%clk 0:10:28]} 50. Rxb4 {[%clk 0:00:46]} Kxh7 {[%clk 0:10:48]} 51. Kf6
{[%clk 0:01:08]} Re5 {[%clk 0:09:38]} 52. Kf7 {[%clk 0:00:54]} Kh6
{[%clk 0:09:19]} 53. Rd4 {[%clk 0:01:22]} Kg5 {[%clk 0:07:57]} 54. b4
{[%clk 0:01:37]} Re1 {[%clk 0:06:24]} 55. b5 {[%clk 0:02:01]} Kf5
{[%clk 0:06:17]} 56. Rb4 {[%clk 0:02:21]} Rh1 {[%clk 0:06:32]} 57. b6
{[%clk 0:02:04]} Rh7+ {[%clk 0:05:17]} 58. Ke8 {[%clk 0:02:31]} Ke5
{[%clk 0:04:19]} 59. b7 {[%clk 0:02:05]} Rh8+ {[%clk 0:04:12]} 60. Kd7
{[%clk 0:02:30]} Kxd5 {[%clk 0:04:36]} 61. b8=Q {[%clk 0:02:41]} Rh7+
{[%clk 0:04:21]} 62. Kc8 {[%clk 0:02:58]} Rh8+ {[%clk 0:04:43]} 63. Kc7
{[%clk 0:03:24]} Rxb8 {[%clk 0:05:07]} 64. Rxb8 {[%clk 0:03:52]} Kc5
{[%clk 0:05:23]} 65. Kd7 {[%clk 0:04:00]} 1-0

[Event "World Chess Olympiad 2018"]
[Site "Batumi"]
[Date "2018.09.30"]
[Round "6"]
[Board "3"]
[WhiteFideId "10207791"]
[White "Mohammad Fahad Rahman"]
[BlackFideId "3407128"]
[Black "Salinas Herrera Pablo"]
[Result "1-0"]
[LiveChessVersion "1.4.8"]
[BlackElo "2486"]
[WhiteElo "2263"]

1. e4 {[%clk 1:30:57]} c5 {[%clk 1:30:55]} 2. Nf3 {[%clk 1:31:19]} d6
{[%clk 1:31:22]} 3. d4 {[%clk 1:31:38]} cxd4 {[%clk 1:31:48]} 4. Qxd4
{[%clk 1:32:03]} Nc6 {[%clk 1:30:24]} 5. Qe3 {[%clk 1:31:41]} Nf6
{[%clk 1:28:38]} 6. Be2 {[%clk 1:31:36]} e6 {[%clk 1:24:23]} 7. O-O
{[%clk 1:31:38]} Be7 {[%clk 1:24:49]} 8. h3 {[%clk 1:30:10]} O-O {[%clk 1:25:14]}
9. Rd1 {[%clk 1:28:28]} Qc7 {[%clk 1:19:56]} 10. c4 {[%clk 1:28:18]} b6
{[%clk 1:11:31]} 11. Nc3 {[%clk 1:28:32]} a6 {[%clk 1:11:57]} 12. b3
{[%clk 1:28:33]} Ne5 {[%clk 1:06:27]} 13. Ba3 {[%clk 1:15:52]} Ng6
{[%clk 1:05:29]} 14. Na4 {[%clk 0:59:02]} Nd7 {[%clk 1:00:41]} 15. h4
{[%clk 0:59:08]} Rb8 {[%clk 0:39:21]} 16. h5 {[%clk 0:51:31]} Nge5
{[%clk 0:39:33]} 17. Nxe5 {[%clk 0:48:16]} Nxe5 {[%clk 0:39:59]} 18. f4
{[%clk 0:48:21]} Nc6 {[%clk 0:40:16]} 19. Nc3 {[%clk 0:45:07]} Re8
{[%clk 0:29:08]} 20. Rac1 {[%clk 0:45:29]} Na5 {[%clk 0:29:14]} 21. h6
{[%clk 0:45:12]} gxh6 {[%clk 0:25:30]} 22. Qg3+ {[%clk 0:35:13]} Kh8
{[%clk 0:24:23]} 23. Bh5 {[%clk 0:30:12]} Rf8 {[%clk 0:23:05]} 24. f5
{[%clk 0:27:53]} Rg8 {[%clk 0:18:16]} 25. Qh2 {[%clk 0:24:23]} Bf8
{[%clk 0:18:09]} 26. Kh1 {[%clk 0:19:24]} Nb7 {[%clk 0:16:30]} 27. Qf4
{[%clk 0:18:55]} Bg7 {[%clk 0:15:39]} 28. f6 {[%clk 0:14:44]} Bf8
{[%clk 0:16:05]} 29. Qe3 {[%clk 0:12:55]} Rg5 {[%clk 0:16:26]} 30. Bf3
{[%clk 0:13:06]} Nc5 {[%clk 0:16:52]} 31. Ne2 {[%clk 0:12:15]} Bb7
{[%clk 0:14:47]} 32. Nf4 {[%clk 0:12:35]} Nd7 {[%clk 0:14:41]} 33. Nh3
{[%clk 0:11:18]} Rg6 {[%clk 0:13:56]} 34. Bh5 {[%clk 0:09:50]} Rxf6
{[%clk 0:08:29]} 35. Rf1 {[%clk 0:10:15]} Bg7 {[%clk 0:07:02]} 36. Bxf7
{[%clk 0:07:34]} Rxf1+ {[%clk 0:02:31]} 37. Rxf1 {[%clk 0:07:58]} Nc5
{[%clk 0:03:00]} 38. Bxc5 {[%clk 0:07:07]} Qxc5 {[%clk 0:03:26]} 39. Qxc5
{[%clk 0:06:11]} dxc5 {[%clk 0:03:42]} 40. Bxe6 {[%clk 0:32:56]} Bxe4
{[%clk 0:34:08]} 41. Re1 {[%clk 0:33:10]} Bc2 {[%clk 0:28:14]} 42. Nf4
{[%clk 0:32:58]} Bd4 {[%clk 0:27:17]} 43. Re2 {[%clk 0:19:31]} Bb1
{[%clk 0:25:51]} 44. Bd5 {[%clk 0:19:46]} Bf5 {[%clk 0:21:55]} 45. Be6
{[%clk 0:18:55]} Bb1 {[%clk 0:14:19]} 46. Bd5 {[%clk 0:19:18]} Rf8
{[%clk 0:13:52]} 47. g3 {[%clk 0:19:42]} Bf5 {[%clk 0:13:09]} 48. Kg2
{[%clk 0:19:01]} Bf6 {[%clk 0:10:35]} 49. Ne6 {[%clk 0:14:28]} Bg4
{[%clk 0:07:35]} 50. Re4 {[%clk 0:13:02]} Bxe6 {[%clk 0:07:13]} 51. Rxe6
{[%clk 0:13:24]} Bd4 {[%clk 0:06:34]} 52. a4 {[%clk 0:12:20]} Rb8
{[%clk 0:05:12]} 53. Rxh6 {[%clk 0:12:43]} Be3 {[%clk 0:04:20]} 54. Re6
{[%clk 0:12:54]} Bg5 {[%clk 0:04:42]} 55. Kh3 {[%clk 0:12:48]} Kg7
{[%clk 0:05:07]} 56. Kg4 {[%clk 0:13:05]} Bf6 {[%clk 0:04:01]} 57. Rc6
{[%clk 0:12:59]} Be5 {[%clk 0:04:05]} 58. Re6 {[%clk 0:11:59]} Bf6
{[%clk 0:04:32]} 59. Rd6 {[%clk 0:12:25]} Be7 {[%clk 0:04:17]} 60. Rc6
{[%clk 0:12:39]} Bf6 {[%clk 0:00:59]} 61. Kh5 {[%clk 0:10:23]} Be5
{[%clk 0:01:07]} 62. g4 {[%clk 0:10:52]} Bf4 {[%clk 0:01:01]} 63. g5
{[%clk 0:10:10]} a5 {[%clk 0:00:50]} 64. Rf6 {[%clk 0:10:26]} Be5
{[%clk 0:00:52]} 65. Rf7+ {[%clk 0:10:48]} 1-0

[Event "World Chess Olympiad 2018"]
[Site "Batumi"]
[Date "2018.09.30"]
[Round "6"]
[Board "4"]
[WhiteFideId "3406903"]
[White "Garcia Cardenas Pablo"]
[BlackFideId "10200649"]
[Black "Hossain Enamul"]
[Result "1/2-1/2"]
[LiveChessVersion "1.4.8"]
[BlackElo "2452"]
[WhiteElo "2444"]

1. d4 {[%clk 1:30:57]} Nf6 {[%clk 1:30:38]} 2. c4 {[%clk 1:31:22]} e6
{[%clk 1:30:45]} 3. Nc3 {[%clk 1:31:20]} Bb4 {[%clk 1:30:42]} 4. Qc2
{[%clk 1:31:40]} b6 {[%clk 1:30:33]} 5. e4 {[%clk 1:31:39]} c5 {[%clk 1:30:44]}
6. d5 {[%clk 1:31:53]} Qe7 {[%clk 1:30:39]} 7. Be2 {[%clk 1:31:06]} exd5
{[%clk 1:30:45]} 8. exd5 {[%clk 1:31:28]} O-O {[%clk 1:30:40]} 9. Nf3
{[%clk 1:26:49]} Bxc3+ {[%clk 1:28:59]} 10. Qxc3 {[%clk 1:23:52]} d6
{[%clk 1:28:00]} 11. Be3 {[%clk 1:11:25]} b5 {[%clk 1:19:14]} 12. b3
{[%clk 1:07:00]} Nbd7 {[%clk 1:05:17]} 13. O-O {[%clk 1:03:42]} Ng4
{[%clk 1:02:59]} 14. cxb5 {[%clk 0:45:44]} Nxe3 {[%clk 1:01:00]} 15. Qxe3
{[%clk 0:45:31]} Qxe3 {[%clk 1:01:05]} 16. fxe3 {[%clk 0:45:57]} Re8
{[%clk 0:56:09]} 17. Rfe1 {[%clk 0:43:50]} Rxe3 {[%clk 0:53:55]} 18. Nd2
{[%clk 0:34:43]} Nb6 {[%clk 0:50:14]} 19. Bc4 {[%clk 0:25:21]} Rxe1+
{[%clk 0:47:57]} 20. Rxe1 {[%clk 0:25:49]} Bf5 {[%clk 0:46:40]} 21. a4
{[%clk 0:22:47]} Kf8 {[%clk 0:44:36]} 22. Kf2 {[%clk 0:19:29]} h6
{[%clk 0:38:54]} 23. h3 {[%clk 0:19:42]} Rb8 {[%clk 0:33:13]} 24. Re3
{[%clk 0:17:54]} Bg6 {[%clk 0:28:25]} 25. g3 {[%clk 0:12:22]} f6 {[%clk 0:25:25]}
26. g4 {[%clk 0:07:42]} Rd8 {[%clk 0:16:14]} 27. Nf1 {[%clk 0:05:54]} Nd7
{[%clk 0:10:16]} 28. Ng3 {[%clk 0:04:59]} Ne5 {[%clk 0:10:30]} 29. Ne2
{[%clk 0:05:23]} Bf7 {[%clk 0:10:17]} 30. Ng3 {[%clk 0:04:13]} Bg6
{[%clk 0:08:54]} 31. Ne2 {[%clk 0:04:42]} Bf7 {[%clk 0:05:18]} 32. Ng3
{[%clk 0:05:10]} Bg6 {[%clk 0:04:45]} 1/2-1/2

[Event "World Chess Olympiad 2018"]
[Site "Batumi"]
[Date "2018.09.30"]
[Round "6"]
[Board "1"]
[WhiteFideId "13900200"]
[White "Iordachescu Viorel"]
[BlackFideId "922412"]
[Black "Djukic Nikola"]
[Result "1/2-1/2"]
[LiveChessVersion "1.4.8"]
[BlackElo "2567"]
[WhiteElo "2591"]

1. e4 {[%clk 1:30:48]} c5 {[%clk 1:30:53]} 2. Nf3 {[%clk 1:31:07]} d6
{[%clk 1:31:17]} 3. c3 {[%clk 1:31:23]} Nf6 {[%clk 1:31:38]} 4. Be2
{[%clk 1:31:39]} Bd7 {[%clk 1:29:19]} 5. e5 {[%clk 1:30:28]} dxe5
{[%clk 1:26:49]} 6. Nxe5 {[%clk 1:29:40]} Nc6 {[%clk 1:25:04]} 7. Nxd7
{[%clk 1:29:27]} Qxd7 {[%clk 1:25:30]} 8. O-O {[%clk 1:29:39]} e6
{[%clk 1:24:26]} 9. Na3 {[%clk 1:28:54]} Be7 {[%clk 1:08:00]} 10. f4
{[%clk 1:21:33]} Nd5 {[%clk 0:54:14]} 11. Nc4 {[%clk 1:18:34]} f5
{[%clk 0:47:55]} 12. a4 {[%clk 1:15:16]} O-O {[%clk 0:41:20]} 13. d3
{[%clk 1:10:48]} Bf6 {[%clk 0:36:19]} 14. Qb3 {[%clk 1:06:44]} Kh8
{[%clk 0:32:53]} 15. Bf3 {[%clk 1:03:43]} Rad8 {[%clk 0:29:55]} 16. Bd2
{[%clk 0:48:56]} e5 {[%clk 0:28:51]} 17. fxe5 {[%clk 0:43:11]} Nxe5
{[%clk 0:28:23]} 18. Nxe5 {[%clk 0:42:54]} Bxe5 {[%clk 0:28:49]} 19. Rae1
{[%clk 0:42:30]} Qd6 {[%clk 0:24:28]} 20. Qxd5 {[%clk 0:29:31]} Qxd5
{[%clk 0:24:42]} 21. Bxd5 {[%clk 0:29:55]} Rxd5 {[%clk 0:25:05]} 22. Rf3
{[%clk 0:30:17]} Bf6 {[%clk 0:18:39]} 23. Kf1 {[%clk 0:30:02]} Kg8
{[%clk 0:18:13]} 24. c4 {[%clk 0:25:56]} Rd7 {[%clk 0:15:47]} 25. b4
{[%clk 0:26:09]} Rfd8 {[%clk 0:11:22]} 26. Ke2 {[%clk 0:24:56]} cxb4
{[%clk 0:11:02]} 27. Bxb4 {[%clk 0:25:17]} g6 {[%clk 0:11:02]} 28. Kd2
{[%clk 0:22:10]} Rc8 {[%clk 0:09:53]} 29. Kc2 {[%clk 0:21:38]} Bd4
{[%clk 0:06:52]} 30. Bc3 {[%clk 0:21:07]} Bxc3 {[%clk 0:06:08]} 31. Kxc3
{[%clk 0:21:31]} Rcd8 {[%clk 0:04:19]} 32. a5 {[%clk 0:20:26]} Kg7
{[%clk 0:02:02]} 33. Re5 {[%clk 0:20:04]} Kf6 {[%clk 0:01:38]} 34. Rb5
{[%clk 0:20:29]} Re8 {[%clk 0:01:19]} 35. g3 {[%clk 0:18:59]} Re2
{[%clk 0:01:01]} 36. h4 {[%clk 0:19:14]} h5 {[%clk 0:00:38]} 37. Rc5
{[%clk 0:19:00]} 1/2-1/2

[Event "World Chess Olympiad 2018"]
[Site "Batumi"]
[Date "2018.09.30"]
[Round "6"]
[Board "2"]
[WhiteFideId "900885"]
[White "Blagojevic Dragisa"]
[BlackFideId "13902393"]
[Black "Hamitevici Vladimir"]
[Result "1/2-1/2"]
[LiveChessVersion "1.4.8"]
[BlackElo "2505"]
[WhiteElo "2476"]

1. d4 {[%clk 1:30:56]} d6 {[%clk 1:30:31]} 2. Nf3 {[%clk 1:30:51]} g6
{[%clk 1:30:31]} 3. c4 {[%clk 1:31:03]} f5 {[%clk 1:29:17]} 4. Nc3
{[%clk 1:31:01]} Nf6 {[%clk 1:29:41]} 5. g3 {[%clk 1:31:20]} Bg7 {[%clk 1:30:03]}
6. Bg2 {[%clk 1:31:44]} O-O {[%clk 1:30:27]} 7. O-O {[%clk 1:32:08]} c6
{[%clk 1:30:01]} 8. d5 {[%clk 1:32:21]} e5 {[%clk 1:29:21]} 9. dxe6
{[%clk 1:32:40]} Bxe6 {[%clk 1:29:43]} 10. Qd3 {[%clk 1:32:34]} Re8
{[%clk 1:28:12]} 11. Ng5 {[%clk 1:24:15]} Nbd7 {[%clk 1:26:02]} 12. Nxe6
{[%clk 1:17:25]} Rxe6 {[%clk 1:26:30]} 13. e3 {[%clk 1:12:59]} Nc5
{[%clk 1:24:28]} 14. Qc2 {[%clk 1:11:14]} a5 {[%clk 1:18:28]} 15. b3
{[%clk 1:02:59]} Ng4 {[%clk 1:11:15]} 16. Bb2 {[%clk 0:59:30]} Ne5
{[%clk 1:06:40]} 17. Ne2 {[%clk 0:57:12]} Re8 {[%clk 0:54:08]} 18. a3
{[%clk 0:48:21]} Qf6 {[%clk 0:46:22]} 19. b4 {[%clk 0:39:04]} Ne4
{[%clk 0:43:37]} 20. Rab1 {[%clk 0:33:12]} Qf7 {[%clk 0:43:16]} 21. Bxe5
{[%clk 0:28:06]} Rxe5 {[%clk 0:43:00]} 22. Rfd1 {[%clk 0:26:00]} Rae8
{[%clk 0:32:17]} 23. Rd3 {[%clk 0:23:07]} g5 {[%clk 0:24:32]} 24. Rbd1
{[%clk 0:22:00]} Bf8 {[%clk 0:22:23]} 25. Rd4 {[%clk 0:19:58]} axb4
{[%clk 0:13:23]} 26. axb4 {[%clk 0:20:23]} R5e6 {[%clk 0:13:35]} 27. b5
{[%clk 0:13:33]} Re5 {[%clk 0:11:42]} 28. bxc6 {[%clk 0:13:24]} bxc6
{[%clk 0:12:10]} 29. Nc3 {[%clk 0:11:55]} Nxc3 {[%clk 0:11:49]} 30. Qxc3
{[%clk 0:12:21]} Rc5 {[%clk 0:12:12]} 31. Qb3 {[%clk 0:09:02]} Qc7
{[%clk 0:11:58]} 32. h4 {[%clk 0:08:30]} h6 {[%clk 0:11:39]} 33. Qd3
{[%clk 0:08:17]} Re6 {[%clk 0:10:26]} 34. hxg5 {[%clk 0:05:19]} 1/2-1/2